logo

Bir Sreshtho Munshi Abdur Rouf Library
Jhenaidah Cadet College

Shifta ! / (Record no. 7811)

MARC details
000 -LEADER
fixed length control field 00726cam a2200265 a 4500
001 - CONTROL NUMBER
JCCL Control Number 7811
003 - CONTROL NUMBER IDENTIFIER
JCCL marc code BD-JhCC
005 - DATE AND TIME OF LATEST TRANSACTION
control field 20181006182142.0
008 - FIXED-LENGTH DATA ELEMENTS--GENERAL INFORMATION
fixed length control field 110621s1958 et ab b 001 0 eng
020 ## - INTERNATIONAL STANDARD BOOK NUMBER
International Standard Book Number 9994400290
035 ## - SYSTEM CONTROL NUMBER
system control number (BD-JhCC)7811
040 ## - CATALOGING SOURCE
Original cataloging agency DLC
Transcribing agency DLC
Modifying agency BD-JhCC
041 ## - LANGUAGE CODE
Language code of Book eng
082 ## - DEWEY DECIMAL CLASSIFICATION NUMBER
Author mark and Year FOR 1958
Classification number 823.91
100 ## - MAIN ENTRY--PERSONAL NAME
Personal name Forbes-Watson, R.
245 ## - TITLE STATEMENT
Title Shifta ! /
Statement of responsibility, etc R. Forbes-Watson
260 ## - PUBLICATION, DISTRIBUTION, ETC. (IMPRINT)
Place of publication, distribution, etc Addis Ababa, Ethiopia :
Name of publisher, distributor, etc Shama Books,
Date of publication, distribution, etc c2010.
300 ## - PHYSICAL DESCRIPTION
Pagination 344 p. :
Other physical details ill., maps ;
Dimensions 25 cm.
504 ## - BIBLIOGRAPHY, ETC. NOTE
Bibliography, etc Includes bibliographic references (p. [311]-328) and index.
650 ## - SUBJECT ADDED ENTRY--TOPICAL TERM
Topical term or geographic name as entry element Manners and customs
650 ## - SUBJECT ADDED ENTRY--TOPICAL TERM
Topical term or geographic name as entry element Children and war
936 ## - OCLC/CONSER MISCELLANEOUS DATA (OCLC); PIECE USED FOR CATALOGING (pre-AACR2) (RLIN)
OCLC control number(s) of parallel record(s) (OCLC); Piece used for cataloging, PUC (RLIN) PR 703819850
942 ## - ADDED ENTRY ELEMENTS (KOHA)
Source of classification or shelving scheme Dewey Decimal Classification
Koha item type Books
Holdings
Source of classification or shelving scheme Damaged status Not for loan Home library Current library Shelving location Total Checkouts Full call number Barcode Date last seen Copy number Koha item type
Dewey Decimal Classification     JCC Rouf Library JCC Rouf Library General Stacks   823.91 FOR 1958 9251 02/14/2018 C - 1 Books

JCC Library | Contacts | JCC Home

Last Update on 23 September 2017
Copyright @ 2017-2020 JCC Rouf Library
Rouf Library, Jhenidah Cadet College (JCC), Bangladesh